书目信息 |
| 题名: |
杂闻与文学
|
|
| 作者: | 埃夫拉尔 著 ;谈佳 译 | |
| 分册: | ||
| 出版信息: | 天津 天津人民出版社 2003 |
|
| 页数: | 157页 | |
| 开本: | 18cm | |
| 丛书名: | 法国大学128丛书 | |
| 单 册: | ||
| 中图分类: | I05 | |
| 科图分类: | ||
| 主题词: | 文学理论--各体 , 创作方法--各体 | |
| 电子资源: | ||
| ISBN: | 7-201-04229-7 | |
| 000 | 00907oam2 2200277 450 | |
| 001 | 05002333552 | |
| 005 | 20051008094305.51 | |
| 010 | @a7-201-04229-7@dCNY12.80 | |
| 100 | @a20050122d2003 ekmy0chiy0120 ea | |
| 101 | 1 | @achi@cfre |
| 102 | @aCN@b120000 | |
| 105 | @aa z 000zy | |
| 200 | 1 | @a杂闻与文学@9za wen yu wen xue@f(法)弗兰克·埃夫拉尔著@F(fa)fu lan ke·ai fu la er zhu@g谈佳译 |
| 210 | @a天津@c天津人民出版社@d2003 | |
| 215 | @a157页@c图@d18cm | |
| 225 | 2 | @a法国大学128丛书@h第一辑@f徐伟民,张智庭主编 |
| 330 | @a本书分“杂闻的定义与发展史”、“从杂闻到文学故事”、“面对符号的不确定性”、“从现实到传奇”等5个部分。 | |
| 410 | 0 | @12001 @a法国大学128丛书 |
| 606 | 0 | @a文学理论@x各体 |
| 606 | 0 | @a创作方法@x各体 |
| 690 | @aI05@v4 | |
| 701 | 0 | @a埃夫拉尔@Aai fu la er@4著 |
| 702 | 0 | @a谈佳@Atan jia@4译 |
| 801 | 0 | @aCN@bTSSF@c20051008 |
| 905 | @a10447@dI05@e124 | |
| 999 | @aHSJ | |
| 杂闻与文学/(法)弗兰克·埃夫拉尔著/谈佳译.-天津:天津人民出版社,2003 |
| 157页:图;18cm.-(法国大学128丛书.第一辑/徐伟民,张智庭主编) |
| ISBN 7-201-04229-7:CNY12.80 |
| 本书分“杂闻的定义与发展史”、“从杂闻到文学故事”、“面对符号的不确定性”、“从现实到传奇”等5个部分。 |
| ● |
| 相关链接 |
|
|
|
|
正题名:杂闻与文学
索取号:I05/124
 
预约/预借
| 序号 | 登录号 | 条形码 | 馆藏地/架位号 | 状态 | 备注 |
| 1 | 0364251 | 3642516 | 第一样本阅览室/ [索取号:I05/124] | 在馆 | |
| 2 | 0364252 | 3642525 | 第二借阅区/ [索取号:I05/124] | 在馆 | |
| 3 | 0364253 | 3642534 | 第二借阅区/ [索取号:I05/124] | 在馆 | |
| 4 | 0364254 | 3642543 | 第二借阅区/ [索取号:I05/124] | 在馆 | |
| 5 | 0364255 | 3642552 | 第二借阅区/ [索取号:I05/124] | 在馆 | |
| 6 | 0364256 | 3642561 | 第二借阅区/ [索取号:I05/124] | 在馆 | |
| 7 | 0364257 | 3642570 | 第二借阅区/ [索取号:I05/124] | 在馆 | |
| 8 | 0364258 | 3642589 | 第二借阅区/ [索取号:I05/124] | 在馆 | |
| 9 | 0364259 | 3642598 | 第二借阅区/ [索取号:I05/124] | 在馆 | |
| 10 | 0364260 | 3642605 | 第二借阅区/ [索取号:I05/124] | 在馆 |